[Event "Khanty-Mansiysk FIDE GP"]
[Site "Khanty-Mansiysk"]
[Date "2015.05.22"]
[Round "8"]
[White "Jobava, Baadur"]
[Black "Nakamura, Hikaru"]
[Result "0-1"]
[WhiteElo "2699"]
[BlackElo "2799"]
[Annotator "Sumets,A"]
[PlyCount "160"]
[EventDate "2015.05.14"]
[EventType "tourn"]
[EventRounds "11"]
[EventCountry "RUS"]
[EventCategory "21"]
[SourceTitle "CBM 167"]
[Source "ChessBase"]
[SourceDate "2015.07.13"]
[SourceVersion "1"]
[SourceVersionDate "2015.07.13"]
[SourceQuality "1"]

1. d4 {[%emt 0:00:10]} Nf6 {[%emt 0:00:11]} 2. Nc3 {[%emt 0:00:11]} d5 {
[%emt 0:00:58] Aaron Nimzowitsch evaluated this position in Black's favour. 1.
Nf3 d5 2.d3 Nc6?! 3.d4! White is better (annotated by A. Nimzowitsch). However
nowadays many things have changed and modern GMs doesn't put their trust in
general considerations.} 3. Bf4 {[%emt 0:00:07] This line has become very
popular in rapid and blitz tournaments.} Bf5 {[%emt 0:00:53]} 4. f3 {[%emt 0:
00:20]} e6 {[%emt 0:00:28]} 5. g4 {[%emt 0:00:06]} (5. Qd2 {See the game
Naiditsch,A - Harikrishna,P Wijk aan Zee 2014 (annotated by Ftacnik,L)}) 5...
Bg6 {[%emt 0:00:03]} 6. h4 {[%emt 0:00:06]} h5 {[%emt 0:00:05] Hikaru didn't
want to allow White to play h5 and Bd3. He plays this line with White, so he
definitely understands all the details of White's setup. According to the
database, Black has nothing to worry about after 6....h6.} (6... h6 7. e3 (7.
h5 Bh7 8. e3 Bd6 9. Bd3 Bxd3 10. Qxd3 Nc6 11. Nge2 Bxf4 12. exf4 (12. Nxf4 e5
13. Nfe2 Qd6 $11) 12... Qd6 13. O-O-O O-O-O 14. Kb1 a6 15. Qe3 Nd7 16. Nc1 Nb6
17. Nd3 Nc4 18. Qf2 b6 19. Rhe1 Kb7 20. a3 f6 $11 {Malakhov,V (2702)-Goganov,A
(2609) 0-1 (56) St Petersburg RUS 2015. White should play precisely to avoid a
worse position.}) 7... a6 (7... c6 8. h5 Bh7 9. Bd3 Bxd3 10. Qxd3 Bd6 11. Nge2
Bxf4 12. exf4 Nbd7 13. Qe3 Qe7 14. Nc1 Nb6 15. b3 Qa3 16. Kf2 O-O-O 17. Kg3
Nfd7 18. Nd3 Rde8 19. Qc1 Qd6 $11 {Jobava,B (2716)-Salgado Lopez, I (2605) 1-0
(62)Yerevan 2014}) 8. Bd3 (8. h5 Bh7 9. Bd3 c5 10. Nge2 Bxd3 11. cxd3 cxd4 12.
Nxd4 Nbd7 13. Nde2 e5 14. Bg3 Bd6 15. d4 O-O 16. Qb3 Qe7 $6 (16... Re8 $1 17.
Nxd5 Nxd5 18. Qxd5 Nf6 19. Qb3 exd4 20. e4 Nxe4 $1 21. fxe4 Rxe4 $17) 17. Bh4
$1 exd4 18. Nxd5 Qe5 19. Nxf6+ Nxf6 20. Nxd4 Nd5 21. Nf5 $16 Nxe3 22. Qxe3 $2 (
22. Nxe3 Rfe8 23. Kf2 Bc5 24. Rae1 $18) 22... Qxb2 $13 {Jobava,B (2716)
-Hovhannisyan,R (2611) 1/2 (49) Yerevan 2014}) 8... Bxd3 9. Qxd3 c5 10. Nce2
Nc6 11. c3 Bd6 12. O-O-O Qe7 13. Bxd6 Qxd6 14. Nh3 O-O-O 15. Kb1 Kb8 $11 {
Nakamura,H (2775)-Nepomniachtchi,I (2730) 1/2 (41)Dubai 2014}) 7. g5 {[%emt 0:
00:09]} Nfd7 {[%emt 0:00:04]} 8. e3 {[%emt 0:07:23]} a6 {[%emt 0:00:14] Black
shouldn't allow White to play Nb5. For example} (8... c5 $6 9. Nb5 Na6 10. c3
Be7 11. Bd3 Bxd3 12. Qxd3 g6 13. Ne2 Qb6 14. a4 O-O 15. Bg3 Rfe8 16. O-O $14 {
Nabaty,T (2585)-Codenotti,M (2374) 1-0 (25)Jerusalem Ech ISR 2015. There is a
big difference between knight on b5 and knight on a6.}) (8... Bd6 9. Nh3 (9.
Bxd6 $5 cxd6 10. Nh3 Nc6 11. Nf4) 9... Nc6 10. Nb5 Bxf4 11. Nxf4 Bf5 12. Bd3
Ne7 13. Qd2 a6 14. Nc3 c5 15. O-O-O cxd4 16. exd4 Bxd3 17. Nxd3 Qb6 18. Ne2 g6
$11 {Jobava,B (2713)-Zhigalko, S (2678) 0-1 (61) Dubai 2014. It is not easy to
suggest a reasonable plan for White.}) 9. Bd3 {[%emt 0:02:19]} Bxd3 {[%emt 0:
00:10]} 10. cxd3 {[%emt 0:00:10]} Nc6 $5 $146 {[%emt 0:08:26] Hikaru doesn't
want to trade White's doubled pawn.} (10... c5 11. dxc5 Bxc5 12. d4 Be7 13.
Nge2 Nc6 14. Qd2 Rc8 $11) 11. g6 $6 {[%emt 0:05:22] Such moves look very nice.
White sacrifices a pawn in order to create weaknesses in Black's camp and to
launch a strong attack. However, as we can see, Black has too many pieces on
the kingside and objectively this move deserves another assessment '?'.} (11.
Nge2 Bd6 12. Qd2 Qe7 13. O-O-O O-O-O $11 {with an approximately equal position.
}) 11... fxg6 {[%emt 0:05:57] Black has an extra pawn, which controls
important light squares on the kingside.} 12. Bg5 {[%emt 0:01:28]} Be7 {
[%emt 0:01:28]} 13. f4 {[%emt 0:00:18]} (13. Nh3 O-O 14. Bxe7 Qxe7 15. Ng5 Qd6
16. f4 Ne7 $17) 13... Nf6 {[%emt 0:02:33] Black's knight is heading for g4.}
14. Qb3 {[%emt 0:01:09]} Qd7 {[%emt 0:07:21]} 15. Nf3 {[%emt 0:00:29]} (15.
Bxf6 {Computer's advice. It looks very sad for White.} gxf6 16. O-O-O O-O-O 17.
Nf3 Bd6 18. Rhg1 Ne7 $17) (15. Qxb7 $4 Rb8 16. Qxa6 Nb4 $19) 15... Ng4 $17 {
[%emt 0:00:50] White is a pawn down and he has a vulnerable king as
'compensation'.} 16. Ke2 {[%emt 0:02:33]} Bf6 {[%emt 0:02:33]} 17. Rac1 {
[%emt 0:01:21]} b6 {[%emt 0:01:38]} 18. Rc2 {[%emt 0:11:13]} Ne7 {[%emt 0:06:
47]} 19. Rhc1 {[%emt 0:03:01]} O-O {[%emt 0:01:55] The kingside is the safest
place on the board for Black's king. White's king won't be in smooth waters
till the end of the game.} 20. Qa4 {[%emt 0:08:16] Offering the exchange of
queens .} Qd8 {[%emt 0:08:58]} (20... Qxa4 $2 21. Nxa4 {and White will gain a
pawn.}) (20... c6 $5 21. Nd1 a5 22. Nf2 b5 23. Qb3 Nf5 $1 $17) 21. Nd1 $1 {
[%emt 0:00:43]} Ra7 {[%emt 0:00:07]} 22. Nf2 {[%emt 0:00:22]} Nh6 $1 {[%emt 0:
05:11] Black needs to keep the knights on the board.} (22... Nxf2 $6 23. Kxf2
$15 {and soon White will think about counterplay on the kingside.}) 23. Rg1 {
[%emt 0:06:29] Probably Baadur should have kept his rooks on the c-file.} Nf7 {
[%emt 0:03:10]} 24. Qa3 {[%emt 0:01:08]} Kh7 {[%emt 0:01:08]} 25. Nh3 {[%emt 0:
01:58]} Nd6 {[%emt 0:11:28]} 26. Ne5 {[%emt 0:01:30]} Ndf5 {[%emt 0:01:21]} 27.
b4 $6 {[%emt 0:05:07]} (27. Qa4) 27... Qd6 {[%emt 0:05:15]} 28. Qc3 $6 {
[%emt 0:00:32]} ({After the game Baadur suggested} 28. Qb2 c6 29. Rgc1 (29. a4
a5 30. bxa5 (30. b5 cxb5 31. Qxb5 Nxe3 $1 32. Kxe3 Nf5+ 33. Kd2 Nxd4 34. Qb2
Nxc2 35. Kxc2 Rc7+ 36. Kb1 Rfc8 $19) 30... Rxa5 31. Qxb6 Rxa4 $17) 29... Rc8
30. a4 a5 31. bxa5 Rxa5 32. Qxb6 Rxa4 {Black has an advantage but the game
isn't over yet.}) 28... c6 {[%emt 0:00:17]} 29. Nf3 {[%emt 0:06:05]} a5 $1 {
[%emt 0:01:34]} 30. bxa5 {[%emt 0:00:08]} Rxa5 {[%emt 0:00:19] White's
position is hopeless. Black will double rooks on the a-file and the he will
play c5. As you can see White doesn't have any counterplay.} 31. Qd2 {[%emt 0:
06:25]} Ra3 {[%emt 0:00:27]} 32. Rgc1 {[%emt 0:02:14]} Rfa8 {[%emt 0:02:43]}
33. Nf2 {[%emt 0:00:54]} c5 $1 {[%emt 0:01:02]} 34. dxc5 {[%emt 0:00:25]} bxc5
{[%emt 0:00:05]} 35. Rxc5 {[%emt 0:00:52]} (35. Bxf6 gxf6 36. Rxc5 Rxa2 37.
R5c2 Rxc2 38. Rxc2 Kg7 $19) 35... Rxa2 {[%emt 0:00:07]} 36. R5c2 {[%emt 0:00:
04]} Rxc2 {[%emt 0:04:37]} 37. Qxc2 {[%emt 0:00:22]} Ng3+ {[%emt 0:02:15]} 38.
Ke1 {[%emt 0:01:24]} Qb4+ {[%emt 0:03:50]} 39. Qd2 {[%emt 0:00:16]} Qxd2+ {
[%emt 0:00:11]} 40. Nxd2 {[%emt 0:00:00]} Nef5 $19 {[%emt 0:00:00]} 41. e4 {
[%emt 0:02:17]} Bxg5 {[%emt 0:02:47]} 42. hxg5 {[%emt 0:02:21]} Nd4 {[%emt 0:
01:41]} 43. Nh3 {[%emt 0:00:04]} Ra3 {[%emt 0:05:29]} 44. f5 {[%emt 0:00:48]
The last chance.} exf5 $2 {[%emt 0:00:10] This is a piece of carelessness.} ({
Nakamura could have won the game immediately} 44... dxe4 45. fxg6+ (45. dxe4
gxf5 46. Rc4 e5 $19) 45... Kxg6 46. Kf2 Ra2 $19) 45. exd5 {[%emt 0:00:33]} Nge2
$1 {[%emt 0:00:05]} (45... Rxd3 $2 46. Nf4 Ra3 47. d6 Ra6 48. Nc4 Ne4 49. d7
Ra2 $8 50. Ne5 (50. d8=Q $4 Nf3+ 51. Kf1 Ng3#) 50... Rh2 51. Kf1 Nd2+ 52. Ke1
N2f3+ 53. Nxf3 Nxf3+ 54. Kf1 $11) 46. Rc8 {[%emt 0:00:58]} Rxd3 {[%emt 0:07:54]
} 47. Nc4 $1 {[%emt 0:04:02]} Rxh3 {[%emt 0:04:54]} 48. Ne5 {[%emt 0:00:04]}
Nf3+ {[%emt 0:01:32]} 49. Nxf3 {[%emt 0:00:04]} Nf4 $8 {[%emt 0:00:05]} (49...
Rxf3 $2 50. Kxe2 Rf4 51. d6 Rd4 52. Rd8 h4 53. Kf2 Rd3 54. Kg2 f4 55. Rf8 {
and the position is drawish.}) 50. Kf2 {[%emt 0:00:31]} Nxd5 {[%emt 0:00:47]}
51. Ne5 {[%emt 0:02:59]} (51. Rb8 Nf4 52. Ne5 Nd3+ $1 53. Kg2 Nxe5 54. Kxh3 Nf3
$19 {The knight + 4 pawns are much stronger than the rook.}) 51... Rc3 {
[%emt 0:00:40]} 52. Rd8 {[%emt 0:01:25]} Ne7 {[%emt 0:00:54]} 53. Rd7 {[%emt 0:
15:52]} (53. Nf7 Rc8 $19) 53... Rc2+ {[%emt 0:15:12]} 54. Kg3 {[%emt 0:00:06]}
f4+ $19 {[%emt 0:13:19]} 55. Kxf4 {[%emt 0:00:51]} Nf5 {[%emt 0:00:05]} 56. Rd8
{[%emt 0:01:30]} Rf2+ {[%emt 0:03:17]} 57. Ke4 {[%emt 0:00:03]} Ng3+ {[%emt 0:
00:38]} 58. Kd3 {[%emt 0:00:03]} h4 $2 {[%emt 0:00:29] A mistake, Black loses
a very important pawn. It could cost him a half point.} (58... Rf5 59. Nd7 Ra5
(59... Rxg5 $4 60. Nf8+ Kh6 61. Ne6 $18) 60. Nf8+ Kg8 61. Nxg6+ (61. Ke3 Kf7
$19) 61... Kf7 62. Nf4 Rxg5 $19) (58... Rf1 {probably this is more convincing.}
59. Nd7 h4 60. Nf8+ Kg8 61. Nxg6+ Kf7 62. Ne5+ Ke6 63. Re8+ Kf5 $19) 59. Rd4 {
[%emt 0:00:05]} Nf5 {[%emt 0:01:58]} 60. Rd8 $1 {[%emt 0:00:00] Threatening
Nf7.} Ng3 {[%emt 0:00:00]} 61. Rd4 {[%emt 0:00:00]} Rf5 {[%emt 0:02:45]} 62.
Rxh4+ {[%emt 0:00:01]} Nh5 {[%emt 0:00:01]} 63. Ke4 {[%emt 0:01:19]} Rxg5 {
[%emt 0:00:02] Black still has some chances to win the game but I think that
objectively the position is rather drawish.} 64. Kd5 {[%emt 0:00:28]} Rg1 {
[%emt 0:04:17]} 65. Ke6 {[%emt 0:01:19]} Rf1 {[%emt 0:00:13]} 66. Rh2 {[%emt 0:
01:44]} Rf6+ {[%emt 0:02:41]} 67. Ke7 $2 {[%emt 0:00:52]} (67. Kd5 $1 Kg8 (
67... Rf8 68. Ke6 Ra8 69. Rh1 Ra6+ 70. Kd5 {Black can't improve his position.})
68. Nxg6 Rxg6 69. Rxh5 $11 {There is a huge difference between king on e7 and
on d5. For example} Rf6 70. Rh1 g6 (70... g5 71. Rg1) 71. Ke5 Kg7 72. Rg1 Rf5+
73. Ke4 Kf6 74. Rg3 $11) 67... Kg8 {[%emt 0:01:09]} 68. Nxg6 {[%emt 0:11:28]
This leads to a lost rook endgame, but even after the more stubborn
continuation} (68. Rh1 Nf4 69. Kd7 g5 70. Rg1 Ng6 71. Nd3 Rf5 72. Ke6 Ra5 {
White's position is lost.}) 68... Rxg6 {[%emt 0:01:08]} 69. Rxh5 {[%emt 0:00:
03]} Ra6 $1 $19 {[%emt 0:00:06]} 70. Rf5 {[%emt 0:00:18]} g6 {[%emt 0:00:18]}
71. Rf6 {[%emt 0:00:08]} Ra7+ $1 {[%emt 0:00:04]} 72. Ke6 {[%emt 0:00:04]} Kg7
{[%emt 0:00:03]} 73. Rf3 {[%emt 0:02:43]} Ra5 $1 {[%emt 0:06:08] Now the white
king can't cross the 5th rank.} 74. Rf7+ {[%emt 0:00:05]} Kh6 {[%emt 0:00:04]}
75. Rf1 {[%emt 0:00:02]} g5 {[%emt 0:01:15]} 76. Kf6 {[%emt 0:02:25]} Ra4 $1 {
[%emt 0:00:18]} 77. Rh1+ {[%emt 0:08:59]} Rh4 {[%emt 0:00:06]} 78. Rg1 {
[%emt 0:00:31]} Rf4+ {[%emt 0:00:04]} 79. Ke5 {[%emt 0:00:02]} Kg6 {[%emt 0:00:
06]} 80. Rh1 {[%emt 0:02:07]} Ra4 {[%emt 0:00:11] Then he would play g4, Kg5
and Ra3 etc.} 0-1

[Event "Reykjavik op"]
[Site "Reykjavik"]
[Date "1996.??.??"]
[Round "7"]
[White "Djurhuus, Rune"]
[Black "Borge, Nikolaj"]
[Result "0-1"]
[WhiteElo "2505"]
[BlackElo "2455"]
[Annotator "Tisdall,J"]
[PlyCount "58"]
[EventDate "1996.03.??"]
[EventType "swiss"]
[EventRounds "9"]
[EventCountry "ISL"]
[SourceTitle "CBM 052"]
[Source "ChessBase"]
[SourceDate "1996.06.01"]
[SourceVersion "1"]
[SourceVersionDate "1996.06.01"]
[SourceQuality "1"]

1. d4 {Ftacnik} d5 2. Bg5 c6 3. Nf3 (3. e3) 3... h6 4. Bh4 Qb6 $1 5. Qc1 $6 (5.
b3 {looks more prudent. According to Borge, the game continuation is a
sacrifice of Hodgson's. Borge's assessment is that it used to be a sacrifice,
now it is the loss of a pawn.}) 5... g5 (5... Bf5 6. e3 (6. c4 e6 (6... Nd7 7.
Nc3 Ngf6 (7... dxc4 8. e4 Bg4 9. Qe3 Bxf3 10. Qxf3 Qxd4 11. Rd1 Qc5 12. Rxd7
Kxd7 13. Qxf7 b5 14. Be2 Rd8 15. O-O Kc7 16. Bg3+ Kb7 17. e5 {1-0 Hodgson,
J-Andonov,B/Sochi/1987/ (26)}) 8. c5 Qd8 9. b4 g5 10. Bg3 Nh5 11. e3 Bg7 12.
Qd1 Nxg3 13. hxg3 e5 14. dxe5 Nxe5 15. Nd4 Bg6 16. g4 O-O 17. Rc1 f5 18. Ne6
Qf6 19. Nxf8 Rxf8 20. Be2 fxg4 21. O-O h5 22. f4 gxf4 23. Rxf4 {1-0 Hodgson,
J-Van der Wal,J/Leeuwarden op (05)/1993/ (41)}) 7. Nc3 Be7 8. Bg3 Nf6 9. c5 Qd8
10. e3 O-O 11. Be2 b6 12. b4 a5 13. a3 Qc8 14. Na4 Nbd7 15. Ne5 Qb7 16. Nxc6
Qxc6 17. b5 Qb7 18. c6 Qa7 19. cxd7 Nxd7 20. Qb2 {1/2-1/2 Hodgson,J-Chernin,A/
Pardubice (02)/1993/}) 6... e6 (6... Nd7 7. Nbd2 Ngf6 8. c4 e6 9. c5 Qd8 10. h3
Be7 11. Bg3 O-O 12. b4 a6 13. a4 Re8 14. Be2 Ne4 15. Bh2 Bf6 16. Nb3 e5 17. O-O
g5 18. Ra2 Kh7 19. dxe5 Nxe5 20. Nfd4 Bg6 21. f3 {1-0 Ochs,H-Ottstadt,R/BL2-O
9495/1995/ (40)}) 7. c4 g5 8. Bg3 Bg7 9. Nc3 Nd7 10. Be2 Qd8 11. Qd1 Ngf6 12.
Ne5 O-O 13. h4 Nxe5 14. Bxe5 Nd7 15. Bxg7 Kxg7 16. Bd3 Qf6 17. Bxf5 Qxf5 18.
cxd5 cxd5 19. Qf3 Qc2 {0-1 Foldi,I-Varga,Zo/HUN-chT1 9495 (02)/1995/ (31)}) 6.
Bg3 g4 7. Ne5 (7. Be5 f6 8. Bxb8 gxf3 (8... Rxb8 9. Nh4 Qxd4 10. e3 Qb6 11. Bd3
h5 $5) 9. Bg3 fxg2 10. Bxg2 Qxd4 {are two creative attempts that also fail to
net compensation for a healthy center pawn.}) 7... Qxd4 8. Nd2 (8. c4 Nf6 9.
Nc3 Be6 10. e3 Qb6 11. cxd5 cxd5 12. Bb5+ Nc6 13. a4 a5 14. Ne2 Bd7 15. Nxd7
Nxd7 16. O-O Bg7 17. Nf4 Nf6 18. Bh4 e6 19. Qc3 Nh5 20. Qa3 Bf6 21. Bxf6 Nxf6
22. Rac1 {1-0 Hodgson,J-Ziatdinov,R/Guernsey op (04)/1991/ (39)}) 8... Nd7 $5 {
Borge felt that he could have chosen a more materialistic approach, since
White's compensation is flimsy in the extreme after something like} (8... Bg7
9. e3 Qb6 10. c4 Nd7 {On the other hand, returning the material for a huge
center and lasting initiative has its practical advantages.}) 9. c3 (9. e3 Qb6
10. Nxg4 Bg7 11. c3 h5 $19) 9... Qb6 10. Nxg4 h5 11. Ne5 (11. Ne3 $2 h4 12. Bf4
e5 13. Bg5 f6 $19) 11... Nxe5 12. Bxe5 f6 13. Bf4 (13. Bg3 h4 14. Bf4 e5 15.
Be3 c5) 13... e5 14. Be3 c5 15. f3 {It is difficult to "correct" white's
position after this, but it is not a pretty job trying to find improvements.} (
15. b4 {looks like a naturally desperate way to solve the twin problems of a
massive black center and white's horribly misplaced dark-squared bishop. After
the straightforward} d4 16. bxc5 Bxc5 17. cxd4 exd4 18. Bf4 Bf5 19. Nc4 {
Perhaps white should try the hysterical} (19. g4 $5 hxg4 20. Bg2 {with chances
of generating confusion.}) 19... Qe6 {disaster looms on the c-line, and white
is still a long way from completing development. Djurhuus' choice is more
rational, and he still has chances to neutralize black's initiative.}) 15...
Be6 16. Bf2 O-O-O 17. Qc2 Kb8 18. O-O-O (18. e4 d4 $15) 18... Ne7 19. Kb1 Bh6
20. e4 (20. e3 c4 $19 (20... Nf5 $15)) 20... d4 21. c4 $2 (21. Nc4 {must be
the only way to resist, when white has chances of getting some pieces into
play.} Qc7 22. Na3 $5 {makes the possibility of trades on c4 and d4 feasible
and leaves the result open.} (22. Bd3 Rhg8 23. g3)) 21... Rhg8 22. Rg1 (22. g3
Be3 $17) 22... Nc6 23. a3 {Black's advantage is terrifyingly clear now, and
Borge puts the ball cleanly in the net.} (23. Nb3 Nb4 24. Qe2 d3 25. Qe1 Qa6
26. a3 Qxc4 $19) 23... Be3 $1 24. Bxe3 (24. Nb3 Bxf2 25. Qxf2 Qxb3 $19) 24...
dxe3 25. Nb3 Rxd1+ 26. Qxd1 Rd8 27. Qc2 Nd4 28. Nxd4 Rxd4 $1 (28... exd4 29.
Bd3 $15) 29. Qc3 (29. Bd3 Qd6 (29... Qd6 30. Be2 Rd2 31. Rd1 Rxd1+ 32. Bxd1
Bxc4 $19)) (29. Kc1 Qd6) 29... Rd1+ (29... Rd1+ 30. Ka2 e2 $19) 0-1

[Event "RUS-ch 54th"]
[Site "Elista"]
[Date "2001.05.03"]
[Round "4"]
[White "Rustemov, Alexander"]
[Black "Belozerov, Andrei"]
[Result "0-1"]
[WhiteElo "2625"]
[BlackElo "2494"]
[Annotator "Tsesarsky,I"]
[PlyCount "74"]
[EventDate "2001.04.29"]
[EventType "swiss"]
[EventRounds "9"]
[EventCountry "RUS"]
[SourceTitle "CBM 083"]
[Source "ChessBase"]
[SourceDate "2001.07.05"]
[SourceVersion "1"]
[SourceVersionDate "2001.07.05"]
[SourceQuality "1"]

1. d4 Nf6 2. Bg5 e6 3. e3 {Too modest move.} (3. e4 {-mainline}) 3... c5 4. Nd2
d5 (4... Be7 5. Bd3 (5. c3 d5 6. Bd3 O-O 7. f4 Nc6 8. Ngf3 Qb6 $132 {1-0
Rabchonok,G-Petrik,K/Martin 1996/EXT 98 (47)}) 5... Nc6 6. Ngf3 b6 7. c3 O-O 8.
Ne5 Bb7 9. f4 Nd5 10. Bxe7 Qxe7 11. Qh5 f5 12. Qf3 Rab8 $132 {1-0 Just,
G-Wagner Michel,A/Groeditz 1976/EXT 2000 (57)}) (4... b6 5. Ne4 Be7 6. Bxf6
gxf6 7. dxc5 bxc5 8. Nd6+ Bxd6 9. Qxd6 Qb6 10. O-O-O Qxd6 11. Rxd6 Bb7 $132 {
0-1 Hertneck,G-Horvath,C/Austria 1994/TD (47)}) (4... cxd4 5. exd4 Be7 6. c3
O-O 7. Ngf3 d6 8. Bd3 Nbd7 9. Qe2 b6 10. O-O Bb7 11. Rfe1 a6 12. h3 Re8 $132 {
0-1 Winterton,K-Chow,A/North Bay 1996/EXT 98 (61)}) (4... Nc6 5. c3 d5 (5... b6
6. Ngf3 Bb7 7. dxc5 bxc5 8. Ne4 d5 9. Nxf6+ gxf6 10. Bh4 Bg7 11. Qa4 O-O 12.
Qg4 e5 13. Rd1 $16 {1-0 Klaric,Z-Vargic,D/Medulin 1997/EXT 2000 (57)}) 6. f4
Qb6 7. Rb1 Bd6 8. Bd3 cxd4 9. cxd4 Nb4 10. Be2 Ne4 11. Ngf3 h6 12. Bh4 g5 $15 {
0-1 Moser,G-Cvek,R/Aschach 1999/CBM 73 ext (31)}) 5. c3 {White wants to play
first f2-f4 and then Ng1-f3.} Nbd7 (5... Nc6 6. f4 Qc7 (6... h6 7. Bh4 Be7 8.
Bd3 Qb6 9. Rb1 Bd7 10. Ngf3 $132 (10. Bxf6 Bxf6 11. Ngf3 g5 $15 {0-1 Mensch,
E-Hauchard,A/Montpellier FRA 2001/The Week in Chess 339 (49)})) 7. Nh3 (7. Ngf3
$5 $132) 7... Be7 8. Bd3 cxd4 9. exd4 Qb6 10. Qc2 Bd7 11. Nf2 Rc8 12. Qb1 Nh5
13. Bxe7 Nxe7 14. g3 Bb5 $132 {1/2-1/2 Eriksson,A-Livner,A/Stockholm SWE 2001/
The Week in Chess 322 (58)}) 6. f4 Be7 (6... h6 7. Bxf6 Nxf6 8. Qf3 Qb6 9.
O-O-O Bd7 10. Bd3 O-O-O 11. Ne2 Kb8 12. g4 Ka8 $132 {1/2-1/2 Bellon Lopez,
J-Ubilava,E/Elgoibar 1998/CBM 69 (40)}) 7. Bd3 h6 (7... b6 8. Qf3 Bb7 9. Ne2 h6
10. Bxf6 Bxf6 11. O-O-O Qc7 12. Kb1 O-O-O 13. e4 $132 {1-0 Bellon Lopez,
J-Cuadras Avellana,J/Barcelona 1988/EXT 97 (25)}) 8. Bxf6 (8. Bh4 g5 9. fxg5
Nh7 10. Ngf3 Nxg5 11. Bg3 $132) 8... gxf6 $5 {Interesting non-standard
decision.} ({Good also natural} 8... Nxf6 $132) ({or} 8... Bxf6 $132) 9. Ngf3
f5 10. O-O c4 $5 {another non-standard decision. Usually side which has pair
of BB wishes to open positon...} (10... Nf6 11. Ne5 Rg8 $132) (10... Qb6 $132)
11. Bc2 b5 12. a3 Bb7 13. Ne5 Nxe5 14. fxe5 h5 (14... Rg8 15. Qh5 Bg5 16. Rf3
Qe7 $132) 15. Rf3 (15. Qe2 Qd7 16. Rf3 Rg8 17. Rh3 h4 18. Nf3 Rg4 19. Qf2 Qd8
20. a4 a6 21. Bd1 $11) 15... Qc7 16. Rh3 h4 17. Kh1 O-O-O 18. a4 ({Worth of
attention} 18. b3 $5 Rdg8 (18... cxb3 19. Bxb3 (19. Nxb3 $16) 19... f6 20. exf6
(20. a4 bxa4 21. Rxa4 fxe5 $132) 20... Bxf6 21. a4 $16) 19. a4 (19. bxc4 bxc4
$132) 19... b4 20. cxb4 Bxb4 {-like in our game- see below.} (20... c3 21. Nf3
Rg4 (21... Bxb4 22. Rxh4 Rxh4 23. Nxh4 f6 24. exf6 Qf7 25. Nf3 Qxf6 26. Bd3 $16
) 22. b5 Rhg8 23. Ne1 f6 24. exf6 Bxf6 25. Rf3 $16)) 18... b4 19. cxb4 Bxb4 20.
b3 Rdg8 (20... c3 $2 21. Nf3 $16) 21. Nf3 (21. bxc4 dxc4 22. Nf3 (22. e4 Rg4
23. Rc1 Bxd2 24. Qxd2 Rhg8 25. Rg1 Bxe4 26. Bxe4 Rxe4 27. Rc3 Rd8 28. Rd1 h3
29. Rxh3 Qxe5 $17) 22... Rg4 $132) 21... Rg4 22. g3 (22. bxc4 dxc4 $132) 22...
Be7 23. gxh4 Bxh4 24. Qe2 (24. Rc1 Kb8 25. Bd3 Qd8 26. Bf1 Rhg8 $132) 24... Bf6
25. Rxh8+ Bxh8 26. a5 $2 $17 {Too slowly!} ({It was necessary to play} 26. Rc1
Kb8 (26... cxb3 27. Qb5 Rg8 28. Qxb3 Kb8 29. Qa3 Rc8 $132) (26... f6 27. exf6
Bxf6 28. Bd3 $16) 27. Bd1 Qa5 $132) 26... f6 27. a6 Bc6 28. exf6 Bxf6 29. Qd2 (
{Black keeps his advantage also after.} 29. bxc4 dxc4 {[%csl Rf3,Rh1][%cal
Gc6h1]} 30. Rc1 Bd5 31. Bb3 Rh4 32. Rxc4 Bxc4 33. Bxc4 (33. Qxc4 Qxc4 34. Bxc4
Re4 $17) 33... Qc6 34. Bd3 Kd8 $17) 29... Qh7 $1 {"Long move" - Q will take
active part in kingside Attack.} 30. Ng1 (30. Rc1 Qh3 31. Qe2 (31. Ng1 Qh6 {
[%csl Rd4]} 32. Nf3 f4 $17) 31... Rg3 32. Bd1 Bd8 33. Qf2 Bc7 34. Rc3 Bb5 (
34... Ba5 35. Rc2 Bc7 36. Rc3 (36. Ng1 $2 Qh6 37. Bf3 Bb5 38. bxc4 Bxc4 39. Be2
Qxe3 40. Qxe3 Rxe3 41. Bxc4 dxc4 42. Rxc4 Ra3 $17 {[%csl Ra6]}) 36... Ba5 $11)
35. Ng1 Qh6 36. bxc4 dxc4 {[%cal Gb5c6]} 37. Bf3 Bxa6 $17) 30... Qh6 31. Bd1 $2
$19 {Of course, blunder.} ({but Black keeps an advantage in any case:} 31. Qb4
Bd8 $17) (31. Nf3 f4 $17) 31... Rxd4 (31... Bxd4 $19) 32. Qb4 Rxd1 33. Qd6 Bxa1
34. Qxc6+ Kd8 35. Qa8+ Ke7 36. Qxa7+ Kf6 37. Qc5 Qg7 0-1